Kvalita a spoľahlivosť strojov 6. medzinárodné vedecké sympózium, 30.5.-31.5.2001, Nitra : sprievodná akcia Medzinárodného strojárskeho veľtrhu 2001 v Nitre

Bibliographic Details
Corporate Author: Kvalita a spoľahlivosť strojov Nitra, Slovensko (Author)
Other Authors: Žarnovský, Jozef, 1971- (Compiler)
Format: Conference Proceeding Book
Language:Slovak
PhysicalDescription:216 s. grafy, sch., tab. 30 cm
Published: V Nitre Slovenská poľnohospodárska univerzita 2001
ISBN:8071378739
Subjects:

MARC

LEADER 00000cam a2200000 a 4500
001 vtls001417993
003 SK-MaSNL
005 20260301012714.0
008 251117s2001 xo a r 100 0 slo
015 |a SNBA2001/12-04041 
020 |a 8071378739 
035 |a SNK000372791 
035 |a urn:nbn:sk:snk-amjssz 
035 |a urn:nbn:sk:snk:ar-a0bza1 
035 |a 36b53b96-5d33-45c6-a66d-58430a763eae 
040 |a SNK  |b slo  |c SNK  |e AACR2 
041 0 |a slo 
044 |a xo  |c SK 
080 |a 621-192(082)=854=850=20  |2 1981 
111 1 |a Kvalita a spoľahlivosť strojov  |n (6. :  |d 2001 :  |c Nitra, Slovensko)  |4 aut  |9 89571 
245 0 0 |a Kvalita a spoľahlivosť strojov  |b 6. medzinárodné vedecké sympózium, 30.5.-31.5.2001, Nitra : sprievodná akcia Medzinárodného strojárskeho veľtrhu 2001 v Nitre  |c [zostavil a redakčne upravil: Jozef Žarnovský] 
246 1 0 |a Quality and reliability of machines 
260 |a V Nitre  |b Slovenská poľnohospodárska univerzita  |c 2001 
300 |a 216 s.  |b grafy, sch., tab.  |c 30 cm 
500 |a Čiast. text angl. a čes. 
500 |a Obalový názov 
500 |a Údaj o zost. prevzatý z tiráže 
500 |a 100 výt. 
504 |a Bibliogr. odkazy 
650 0 7 |a stroje  |x kvalita  |x spoľahlivosť  |x zborníky  |2 SNK  |9 298177 
655 7 |a zborníky konferencií  |2 SNKPH  |9 70153 
655 7 |a issue_zb  |2 SNK  |9 276493 
700 1 |a Žarnovský, Jozef,  |d 1971-  |4 com  |9 193904 
752 |d Nitra 
852 |a Slovenská národná knižnica 
919 |a 80-7137-873-9 
954 |a odborná, vedecká literatúra pôvodná (slovenská)  |2 lita 
954 |a odborná, vedecká literatúra cudzojazyčná (svetová)  |2 lita 
958 |a OND 
958 |a ART 
958 |a TL 
958 |a NB 
958 |a ZB 
999 |c 554192  |d 556122 
952 |t P60, <03>, [BOOK], {603}  |a SNK  |b SNK  |y PREZ  |7 0  |p 17A0310345  |o snkSB 63720  |i snkKSP 9308/2001  |0 0  |1 0  |4 0  |d 2001-08-07  |f 1  |l 0  |r 2025-04-15 00:00:00  |w 2026-02-23 
952 |t P60, <03>, [BOOK], {603}  |a SNK  |b SNK  |y PREZ  |7 0  |p 17A0310346  |o snkSB 63720 D1  |i snkKSP 9309/2001  |0 0  |1 0  |4 0  |d 2001-08-07  |l 0  |r 2005-01-02 00:00:00  |w 2026-02-23